| 000 | 00685cam a2200241 4500 | ||
|---|---|---|---|
| 999 |
_c27716 _d27716 |
||
| 003 | BJBSDDR | ||
| 005 | 20230410103901.0 | ||
| 007 | ta | ||
| 008 | 060907n2001 nyu eng | ||
| 020 | _a0375725741 | ||
| 040 |
_bspa _cBJBSDDR |
||
| 041 | _aeng | ||
| 050 | 1 | 4 |
_a416 DS 119.76 _bS132p 2001 |
| 082 | 0 | 0 | _a956.05/3 |
| 100 | 1 |
_aSaid, Edward W. _d1935-2003 |
|
| 245 | 1 | 4 |
_aThe end of the peace process : _bOslo and after / _cEdward W. Said |
| 250 | _a2a ed. | ||
| 260 |
_aNew York : _bVintage Book, _c2001 |
||
| 300 |
_axxiii, 389 p. _c21 cm. |
||
| 650 | 0 |
_aArab-Israeli conflict _y1993- _xPeace. |
|
| 650 | 0 |
_aConflicto árabe-israelí _y1993- _xPaz _9263 |
|
| 942 |
_2lcc _cBK |
||